000 00712cam a2200241 a 4500
001 3381741
005 20180116044829.0
008 880218s1988 nyua b 001 0 eng
010 _a 88005176
020 _a0195206568 :
_c$38.00
020 _a0195207092 (pbk.) :
_c$14.95
040 _aDLC
_cDLC
_dDLC
041 _aeng
043 _ad------
080 _a338.9009
082 0 0 _a338.9009 DOR
_219
100 _a52
101 _aEKO
245 0 4 _aThe Open economy :
_cedited by Rudiger Dornbusch and F. Leslie C.H. Helmers.
504 _aIncludes bibliographies and index.
906 _a7
_bcbc
_corignew
_d1
_eocip
_f19
_gy-gencatlg
942 _2ddc
_cBK
999 _c40358
_d40358